| 000 | 00469nam a22001937a 4500 | ||
|---|---|---|---|
| 999 |
_c480954 _d480954 |
||
| 003 | NUST | ||
| 005 | 20180831060433.0 | ||
| 008 | 180831b ||||| |||| 00| 0 eng d | ||
| 020 | _a978750624695 | ||
| 038 | _aSNS Library | ||
| 040 | _a0 | ||
| 082 | _a530.133 PAT 1996 | ||
| 100 |
_aR.K. Pathria _912322 |
||
| 245 |
_aStatistical Mechanics _cR.K. Pathria |
||
| 250 | _a2nd Ed. | ||
| 260 |
_aLondon _bElsevier _c1996 |
||
| 300 |
_a529 p. _bpb |
||
| 942 |
_2ddc _cBK |
||